Análisis multivariante

محفوظ في:
التفاصيل البيبلوغرافية
المؤلفون الرئيسيون: Hair, Joseph F (مؤلف), Andersom, Rolph E (مؤلف), Tatham, Ronald L (مؤلف), Black, William C (مؤلف)
التنسيق: كتاب
اللغة:الإسبانية
منشور في: Madrid Prentice-Hall 1999
الموضوعات:
الوسوم: إضافة وسم
لا توجد وسوم, كن أول من يضع وسما على هذه التسجيلة!

MARC

LEADER 00000cam a2200000 a 4500
001 UCO7751
003 CL-VaPUC
005 20241001093906.0
008 001124e19990000SP |||||||||||||||||spa|d
999 |c 292630  |d 292628 
020 |a 8483220350 
040 |c Pontificia Universidad Católica de Valparaíso 
082 0 4 |a 519.535  |b HAI  |2 21 
100 |a Hair, Joseph F  |e author  |9 592752 
245 1 0 |a Análisis multivariante 
260 |a Madrid  |b Prentice-Hall  |c 1999 
300 |a 799 p 
500 |a De la 5a ed. en inglés 
583 |a last modification  |c 20120829 02:51:30  |k Rodrigo Vera 
650 0 |a Análisis multivariante  |9 428826 
650 0 |a Análisis de regresión   |9 263763 
650 0 |a Análisis de varianza   |9 336938 
700 0 |a Andersom, Rolph E  |e author  |9 452457 
700 0 |a Tatham, Ronald L  |e author  |9 452458 
700 0 |a Black, William C  |e author  |9 452459 
942 |c BK  |2 ddc 
945 |d 20001124 00:00:00  |a rbrito 
952 |0 0  |1 0  |4 0  |6 519_535000000000000_HAI_1999  |7 0  |8 R  |9 343642  |a BIBENE  |b BIBENE  |d 2019-11-20  |i 3669289  |o 519.535 HAI 1999  |p 3669289  |r 2025-01-15  |w 2019-11-20  |y BK_R  |k ICO 
952 |0 0  |1 0  |4 0  |6 519_535000000000000_HAI_1999  |7 0  |8 R  |9 343643  |a BIBENE  |b BIBENE  |d 2019-11-20  |i 3669297  |o 519.535 HAI 1999  |p 3669297  |r 2025-01-15  |w 2019-11-20  |y BK_R  |k ICO 
952 |0 0  |1 0  |4 0  |6 519_535000000000000_HAI_1999  |7 0  |8 R  |9 343644  |a BIBENE  |b BIBENE  |d 2019-11-20  |i 3669300  |o 519.535 HAI 1999  |p 3669300  |r 2025-01-15  |w 2019-11-20  |y BK_R  |k ICO 
952 |0 0  |1 0  |4 0  |6 519_535000000000000_HAI_1999  |7 0  |8 R  |9 343645  |a BIBGIM  |b BIBGIM  |d 2019-11-20  |i 3784673  |o 519.535 HAI 1999  |p 3784673  |r 2025-01-15  |w 2019-11-20  |y BK_R  |k EST 
952 |0 0  |1 0  |4 0  |6 519_535000000000000_HAI_1999  |7 0  |8 R  |9 343646  |a BIBGIM  |b BIBGIM  |d 2019-11-20  |i 3891062  |o 519.535 HAI 1999  |p 3891062  |r 2025-01-15  |w 2019-11-20  |y BK_R  |k EST 
952 |0 0  |1 0  |4 0  |6 519_535000000000000_HAI_1999  |7 0  |8 R  |9 343647  |a BIBGIM  |b BIBGIM  |d 2019-11-20  |i 3891070  |o 519.535 HAI 1999  |p 3891070  |r 2025-01-15  |w 2019-11-20  |y BK_R  |k EST 
952 |0 0  |1 0  |4 0  |6 519_535000000000000_HAI_1999  |7 0  |8 R  |9 343648  |a BIBENE  |b BIBENE  |d 2019-11-20  |i 3916367  |o 519.535 HAI 1999  |p 3916367  |r 2025-01-15  |w 2019-11-20  |y BK_R  |k ICO 
952 |0 0  |1 0  |4 0  |6 519_535000000000000_HAI_1999  |7 0  |8 A  |9 343650  |a FDOPOS  |b FDOPOS  |d 2019-11-20  |i 3952967  |o 519.535 HAI 1999  |p 3952967  |r 2025-01-22  |w 2019-11-20  |y BK  |k MLA 
952 |0 0  |1 0  |4 0  |6 519_535000000000000_HAI_1999  |7 0  |8 R  |9 343651  |a BIBGIM  |b BIBGIM  |d 2019-11-20  |i 4005082  |o 519.535 HAI 1999  |p 4005082  |r 2025-01-15  |w 2019-11-20  |y BK_R  |k EST 
952 |0 0  |1 0  |4 0  |6 519_535000000000000_HAI_1999  |7 0  |8 R  |9 343652  |a BIBGIM  |b BIBGIM  |d 2019-11-20  |i 4090039  |o 519.535 HAI 1999  |p 4090039  |r 2025-01-15  |w 2019-11-20  |y BK_R  |k EST 
952 |0 0  |1 0  |4 0  |6 519_535000000000000_HAI_1999  |7 0  |8 CCM  |9 343653  |a BIBCUR  |b BIBCUR  |d 2019-11-20  |i 4142411  |l 1  |o 519.535 HAI 1999  |p 4142411  |r 2025-04-22  |s 2025-04-22  |w 2019-11-20  |y BK_R  |k CIM 
952 |0 0  |1 0  |4 0  |6 519_535000000000000_HAI_1999  |7 0  |8 R  |9 343654  |a BIBGIM  |b BIBGIM  |d 2019-11-20  |i 4477162  |o 519.535 HAI 1999  |p 4477162  |r 2025-01-15  |w 2019-11-20  |y BK_R  |k COM 
952 |0 0  |1 0  |4 0  |6 519_535000000000000_HAI_1999  |7 0  |8 R  |9 343655  |a BIBGIM  |b BIBGIM  |d 2019-11-20  |i 4477170  |o 519.535 HAI 1999  |p 4477170  |r 2025-01-15  |w 2019-11-20  |y BK_R  |k COM 
952 |0 0  |1 0  |4 0  |6 519_535000000000000_HAI_1999  |7 0  |8 R  |9 343656  |a BIBGIM  |b BIBGIM  |d 2019-11-20  |i 4477189  |o 519.535 HAI 1999  |p 4477189  |r 2025-01-15  |w 2019-11-20  |y BK_R  |k COM 
952 |0 0  |1 0  |4 0  |6 519_535000000000000_HAI_1999  |7 0  |8 R  |9 343657  |a BIBGIM  |b BIBGIM  |d 2019-11-20  |i 4477197  |o 519.535 HAI 1999  |p 4477197  |r 2025-01-15  |w 2019-11-20  |y BK_R  |k COM 
952 |0 0  |1 0  |2 ddc  |4 0  |6 519_535000000000000_HAI_1999  |7 0  |8 A  |9 343658  |a BIBING  |b BIBING  |c RES  |d 2019-11-20  |i 4617835  |o 519.535 HAI 1999  |p 4617835  |r 2025-01-20  |w 2019-11-20  |y BK  |k TRA 
952 |0 0  |1 0  |4 0  |6 519_535000000000000_HAI_1999  |7 0  |8 R  |9 343659  |a BIBENE  |b BIBENE  |d 2019-11-20  |i 4899148  |o 519.535 HAI 1999  |p 4899148  |r 2025-01-15  |w 2019-11-20  |y BK_R  |k ICO 
952 |0 0  |1 0  |4 0  |6 519_535000000000000_HAI_1999  |7 0  |8 R  |9 343660  |a BIBENE  |b BIBENE  |d 2019-11-20  |i 4899156  |o 519.535 HAI 1999  |p 4899156  |r 2025-01-15  |w 2019-11-20  |y BK_R  |k ICO 
952 |0 0  |1 0  |4 0  |6 519_535000000000000_HAI_1999  |7 0  |8 R  |9 343661  |a BIBENE  |b BIBENE  |d 2019-11-20  |i 4899164  |o 519.535 HAI 1999  |p 4899164  |r 2025-01-15  |w 2019-11-20  |y BK_R  |k ICO